| 000 | 00403 a2200133 4500 | ||
|---|---|---|---|
| 003 | Nust | ||
| 005 | 20170207165110.0 | ||
| 040 | _cNust | ||
| 082 | _a799 | ||
| 245 |
_aOpen House MCS-2014, Photographs-2014 _cMCS |
||
| 260 |
_aRawalpindi _bMCS _c22-05-2014 |
||
| 650 | _aOpen House MCS-2014, Photographs-2014 (CD-NO 24 Vol III) + (Open House CD 2014) ISPR Coverge DVD still not Received | ||
| 651 | _aSweet Memories-MCS | ||
| 942 | _cBK | ||
| 999 |
_c210934 _d210934 |
||